ბათუმის შოთა რუსთაველის სახელმწიფო უნივერსიტეტის ბიბლიოთეკა

ქართული ენისა და ლიტერატურის სწავლების თანამედროვე მეთოდები / (ბიბ.ჩანაწერი № 51014)

000 -ლიდერი
ფიქსირებული სიგრძის საკონტროლო ველი 01143nam a2200241Ia 4500
001 - საკონტროლო ნომერი
საკონტროლო ველი 17971
003 - საკონტროლო ნომრის იდენტიფიკატორი
საკონტროლო ველი GE_BSU
005 - ბოლო ოპერაციის თარიღი და დრო
საკონტროლო ველი 20220223114716.0
008 - ფიქსირებული სიგრძის მონაცემთა ელემენტები - ზოგადი ინფორმაცია
ფიქსირებული სიგრძის საკონტროლო ველი 181216s2006||||ge |||||||||||||| ||geo||
040 ## - კატალოგიზაციის წყარო
Transcribing agency GE_BSU
041 ## - ენის კოდი
Language code of text/sound track or separate title geo
080 ## - უნივერსალური ათობითი კლასიფიკაციის ინდექსი
Universal Decimal Classification number 811.353.1(072)+821.353.1(072) ი-53
100 ## - მთავარი ჩანაწერი - პიროვნების სახელი
Personal name ინასარიძე, მაია
9 (RLIN) 13563
245 ## - ცნობა სათაურის შესახებ
Title ქართული ენისა და ლიტერატურის სწავლების თანამედროვე მეთოდები /
Statement of responsibility, etc მაია ინასარიძე, მაია ნაჭყებია ; რედ. კახა გაბუნია.
264 ## - წარმოების, გამოცემის, დისტრიბუციის და სხვა ცნობები
გამოცემის, წარმოების, დისტრიბუციის... ადგილი თბილისი :
გამოცემის, წარმოების, დისტრიბუციის... სახელწოდება საიმედო,
გამოცემის, წარმოების, დისტრიბუციის... თარიღი 2006.
300 ## - ფიზიკური აღწერა
Extent 268 გვ. ;
Other physical details ცხრ. ;
Dimensions 21 სმ.
504 ## - BIBLIOGRAPHY, ETC. NOTE
Bibliography, etc ბიბლიოგრ.: გვ. 266
653 ## - INDEX TERM--UNCONTROLLED
Uncontrolled term ქართული ენა
653 ## - INDEX TERM--UNCONTROLLED
Uncontrolled term სწავლების მეთოდიკა.
700 ## - ADDED ENTRY--PERSONAL NAME
Personal name ნაჭყებია, მაია
Relator term ავტორი
9 (RLIN) 13564
700 ## - ADDED ENTRY--PERSONAL NAME
Personal name გაბუნია, კახა
Relator term რედაქტორი
9 (RLIN) 4175
942 ## - ADDED ENTRY ELEMENTS (KOHA)
Koha item type წიგნი
Source of classification or shelving scheme
ეგზემპლარები
ჩამოწერის სტატუსი დაკარგული ეგზემპლარის სტატუსი კლასიფიკაციის წყარო ან თაროზე გაწყობის სქემა დაზიანების სტატუსი არ გაიცემა მუდმივი მდებარეობა (დაცვის ადგილი) ამჟამინდელი ადგილსამყოფელი თაროზე განთავსების ადგილი შეძენის თარიღი სრული შენახვის შიფრი შტრიხკოდი ბოლო ოპერაციის თარიღი ეგზემპლარის მიმდევრობითი ნომერი (კეტერი?) ფასის ძალაში შესვლის თარიღი ეგზემპლარის სახეობა
          ბათუმის შოთა რუსთაველის სახელმწიფო უნივერსიტეტის მთავარი ბიბლიოთეკა ბათუმის შოთა რუსთაველის სახელმწიფო უნივერსიტეტის მთავარი ბიბლიოთეკა წიგნსაცავი 2018-12-17 811.353.1(072)+821.353.1(072) ი-53 27763 2018-12-17 27763 2018-12-17 წიგნი